000 01001nam a22002897a 4500
001 9515
003 FISKH
005 20260116124426.0
008 260116b cb ||||| |||| 00| 0 eng d
020 _a9780545030168
040 _aFISKH
_beng
_cFISKH
_dFISKH
050 _aJ590 COLE
082 _a590
100 _aCole, Joanna
_eAuthor
245 _aNotes from Ms.Frizzle's kids :
_bField trip facts /
_cWritten by Joanna Cole and Bruce Degen
260 _aNew York :
_bScholastic Inc. ,
_c2007
300 _a32 pages :
_billustrations ;
_c20 cm
490 _aThe magic school bus
505 _aN
520 _aThe kids in Ms. Frizzle's class have traveled the globe learning cool science facts. Read their reports, and let them take you on a fun-filled field trip on the Magic School Bus.
521 8 _a550
_bLexile estimate
521 8 _aN
_bRaz-Plus
650 _aChildren's non-fiction
_vScience
650 _aScience facts
_vInformational
942 _2ddc
_cBK
_n0
999 _c9515
_d9515